Le « modèle républicain » en France : un modèle sous tensions (notice n° 1766507)

détails MARC
000 -LEADER
fixed length control field 01567cam a2200169 4500500
005 - DATE AND TIME OF LATEST TRANSACTION
control field 20260322011640.0
041 ## - LANGUAGE CODE
Language code of text/sound track or separate title fre
042 ## - AUTHENTICATION CODE
Authentication code dc
100 10 - MAIN ENTRY--PERSONAL NAME
Personal name Gautherin, Jacqueline
Relator term author
245 00 - TITLE STATEMENT
Title Le « modèle républicain » en France : un modèle sous tensions
260 ## - PUBLICATION, DISTRIBUTION, ETC.
Date of publication, distribution, etc. 2015.<br/>
500 ## - GENERAL NOTE
General note 33
520 ## - SUMMARY, ETC.
Summary, etc. Le « modèle républicain », « français », de la laïcité est fondamentalement hybride, traversé de tensions qui se sont exacerbées récemment. Depuis la fin du xixe siècle, le régime de laïcité organise les rapports entre l’État et les Églises en se référant à la fois aux principes politiques de respect de la liberté des citoyens et de respect de l’intérêt général. Ce compromis est aujourd’hui mis à l’épreuve, confronté aux demandes de reconnaissance des particularités individuelles et communautaires.
520 ## - SUMMARY, ETC.
Summary, etc. The so-called French republican “laïcité” is basically a hybrid, increasing tension-ridden model. Since the end of the 19th century, the “laïcité” regime has been ruling the relationships between the State and the Churches, referring both to the policy principals of citizens’ freedom and of generalinterest. This compromise is nowadays put into test, and has to face demands of recognition of the individual and community peculiarities.
786 0# - DATA SOURCE ENTRY
Note Histoire, monde et cultures religieuses | 32 | 4 | 2015-03-06 | p. 43-53 | 2267-7313
856 41 - ELECTRONIC LOCATION AND ACCESS
Uniform Resource Identifier <a href="https://shs.cairn.info/revue-histoire-monde-et-cultures-religieuses-2014-4-page-43?lang=fr&redirect-ssocas=7080">https://shs.cairn.info/revue-histoire-monde-et-cultures-religieuses-2014-4-page-43?lang=fr&redirect-ssocas=7080</a>

Pas d'exemplaire disponible.

PLUDOC

PLUDOC est la plateforme unique et centralisée de gestion des bibliothèques physiques et numériques de Guinée administré par le CEDUST. Elle est la plus grande base de données de ressources documentaires pour les Étudiants, Enseignants chercheurs et Chercheurs de Guinée.

Adresse

627 919 101/664 919 101

25 boulevard du commerce
Kaloum, Conakry, Guinée

Réseaux sociaux

Powered by Netsen Group @ 2025